History Quiz

Random History or World Quiz

This Day in History: February Quiz Stats

Quiz Updated Feb 29, 2012

Challenge
Share
Tweet
Embed
Score 0/29 Timer 07:00
4 Plays Today
Day Answer % Correct
Feb 2Nelson Mandela
93.8%
Feb 19Japan
84.4%
Feb 22Spain
83.6%
Feb 18Michelangelo
77.9%
Feb 28Kuwait
77.2%
Feb 26Napoleon Bonaparte
72.1%
Feb 23Iwo Jima
70.3%
Feb 21Malcolm X
69.2%
Feb 8Elizabeth I
68.5%
Feb 27Dominican Republic
65.8%
Feb 15Galileo Galilei
63.2%
Feb 6Anastasia
62.7%
Feb 25Joseph Stalin
60%
Feb 7Angel of Death
57.7%
Feb 13Dresden
55.8%
Day Answer % Correct
Feb 3William Howard Taft
55%
Feb 9Jefferson Davis
53.5%
Feb 11Ayatollah Khomeini
52%
Feb 24Juan Peron
51.8%
Feb 20John Glenn
51.1%
Feb 5Articles of Confederation
47%
Feb 17Geronimo
43.6%
Feb 14Nicaragua
42.6%
Feb 4Manuel Noriega
38.6%
Feb 12Slobodan Milosevic
38.3%
Feb 1Norway
35.6%
Feb 10Deep Blue
30.3%
Feb 16Howard Carter
28%
Feb 29Gioachino Rossini
16%

You're not logged in!

Compare scores with friends on all Sporcle quizzes.
Sign Up with Email
OR
Log In

You Might Also Like...

Show Comments

Extras

Top Quizzes Today


Score Distribution

Your Account Isn't Verified!

In order to create a playlist on Sporcle, you need to verify the email address you used during registration. Go to your Sporcle Settings to finish the process.